| 000 | 00718nam a2200217 a 4500 | ||
|---|---|---|---|
| 001 | 3654 | ||
| 003 | CDMR | ||
| 005 | 20131203114024.0 | ||
| 008 | 130130s1978||||||||||||||||||||||||||||d | ||
| 020 | _a8420616826 | ||
| 040 |
_aCDMR _bcat _cCDMR |
||
| 100 | 1 |
_aBrown, J. A. C. _qBrown, James Alexander Campbell _92601 |
|
| 245 | 1 | 0 |
_aTécnicas de persuasión _b: de la propaganda al lavado de cerebro _cJ.A.C. Brown |
| 260 |
_aMadrid _c1978 _bAlianza |
||
| 490 | 0 |
_aEl Libro de bolsillo. _aHumanidades _v682 |
|
| 650 | 0 | 4 |
_93177 _aPropaganda |
| 650 | 0 | 4 |
_93542 _aMitjans de comunicació de massa _xInfluència |
| 650 | 0 | 4 |
_92367 _aComunicació _xAspectes psicològics |
| 650 | 0 | 4 |
_94430 _aPersuasió (Retòrica) |
| 942 |
_cMON _2udc |
||
| 999 |
_c3654 _d3654 |
||